Manchester United Academy Players - Sudden Death - Statistics

General Stats
  • This quiz has been taken 192 times
  • The average score is 9 of 20
Answers on the Grid
Answers color-coded by a green-red scale on the quiz's grid according to % correct below.
Adnan Januzaj
Alejandro Garnacho
Antonio Valencia
Bobby Charlton
Chris Smalling
Danny Welbeck
Darren Fletcher
David Beckham
Dean Henderson
Denis Law
Eric Cantona
Gary Neville
George Best
Gerard Pique
Jesse Lingard
Jonny Evans
Kobbie Mainoo
Luke Shaw
Marcus Rashford
Mark Hughes
Mason Greenwood
Nemanja Vidić
Ole Gunnar Solskjær
Patrice Evra
Paul Pogba
Paul Scholes
Peter Schmeichel
Phil Jones
Rio Ferdinand
Ryan Giggs
Scott McTominay
Wayne Rooney
 
Answer Stats
Answer % Correct
Alejandro Garnacho
72%
David Beckham
62%
Danny Welbeck
60%
Gary Neville
60%
Marcus Rashford
59%
Kobbie Mainoo
58%
Bobby Charlton
53%
Mason Greenwood
53%
Adnan Januzaj
49%
Jesse Lingard
48%
Paul Scholes
48%
Dean Henderson
46%
Scott McTominay
42%
Darren Fletcher
41%
Ryan Giggs
41%
Jonny Evans
40%
Paul Pogba
39%
Gerard Pique
31%
George Best
26%
Mark Hughes
18%
No matching quizzes found
Score Distribution
Percent of People with Each Score
Percentile by Number Answered
Your Score History
You have not taken this quiz